000 00704nam a2200217 a 4500
001 000030004
005 20240412074254.0
008 110428s1992 dr a 000 p spa d
040 _aDO-SdBNP
_bspa
_cBNPHU
082 _aRD861.44
_bP744a, 1992
245 0 0 _aPoemas de amor :
_ben la literatura dominicana /
_ceditor Rodolfo Coiscou Weber.
250 _a2a. ed.
260 _aSanto Domingo :
_bCasa Weber,
_c1992.
300 _a77 p. :
_bil. ;
_c21 cm.
490 1 _aAntología de nuestra voz
590 _aInventariado, 2019/LP
650 0 _aPoesía dominicana
_966
650 0 _aLiteratura dominicana.
_967
830 0 _aAntología de nuestra voz
_923130
910 _aValidado. Control de calidad MFF
999 _c29496
_d29496